National Geographic traveler. (Record no. 99)

MARC details
000 -LEADER
fixed length control field 01134cas a22003614a 4500
005 - DATE AND TIME OF LATEST TRANSACTION
control field 20260322212006.0
008 - FIXED-LENGTH DATA ELEMENTS--GENERAL INFORMATION
fixed length control field data
010 ## - LIBRARY OF CONGRESS CONTROL NUMBER
LC control number 2006206019
Canceled/invalid LC control number 99040297
012 ## -
-- -3-7-0609130268-p----- a
020 ## - INTERNATIONAL STANDARD BOOK NUMBER
International Standard Book Number 0792274318
020 ## - INTERNATIONAL STANDARD BOOK NUMBER
International Standard Book Number 9780792274315
037 ## - SOURCE OF ACQUISITION
Source of stock number/acquisition National Geographic Society, 1145 17th St., NW, Washington, DC 20036
Terms of availability {dollar}27.95 (pbk.)
040 ## - CATALOGING SOURCE
Original cataloging agency OCo
Transcribing agency OCo
Modifying agency DLC
-- CaBVa
-- DLC
042 ## - AUTHENTICATION CODE
Authentication code nsdp
-- nsdp
043 ## - GEOGRAPHIC AREA CODE
Geographic area code u-at---
050 00 - LIBRARY OF CONGRESS CALL NUMBER
Classification number DU95
Item number .N34
082 04 - DEWEY DECIMAL CLASSIFICATION NUMBER
Classification number 919.4
Item number N277
092 ## - LOCALLY ASSIGNED DEWEY CALL NUMBER (OCLC)
Classification number 919.404 N34 1999
001 - CONTROL NUMBER
control field data
222 #4 - KEY TITLE
Key title The National Geographic traveler. Australia
245 10 - TITLE STATEMENT
Title National Geographic traveler.
Name of part/section of a work Australia.
246 30 - VARYING FORM OF TITLE
Title proper/short title National Geographic traveler
246 30 - VARYING FORM OF TITLE
Title proper/short title Australia
260 ## - PUBLICATION, DISTRIBUTION, ETC.
Place of publication, distribution, etc. Washington, DC :
Name of publisher, distributor, etc. National Geographic Society,
Date of publication, distribution, etc. 1999-
300 ## - PHYSICAL DESCRIPTION
Extent v. :
Other physical details col. ill., col. maps ;
Dimensions 22 cm.
310 ## - CURRENT PUBLICATION FREQUENCY
Current publication frequency Quadrennial,
Date of current publication frequency 2005-
321 ## - FORMER PUBLICATION FREQUENCY
Former publication frequency Triennial,
Dates of former publication frequency 1999-2001
362 0# - DATES OF PUBLICATION AND/OR SEQUENTIAL DESIGNATION
Dates of publication and/or sequential designation 1999-
500 ## - GENERAL NOTE
General note Latest issue consulted: 2nd ed. (2005).
650 #0 - SUBJECT ADDED ENTRY--TOPICAL TERM
Topical term or geographic name entry element Australia
Form subdivision Guidebooks
651 #0 - SUBJECT ADDED ENTRY--GEOGRAPHIC NAME
Geographic name Australia
Form subdivision Guidebooks.
720 2# - ADDED ENTRY--UNCONTROLLED NAME
Name National Geographic Society (U.S.)
Holdings
Withdrawn status Lost status Damaged status Not for loan Home library Current library Shelving location Date acquired Total checkouts Full call number Barcode Date last seen Price effective from Koha item type
        Pleasant Valley Pleasant Valley General stacks 22/03/2026   919.4 N277 BC0010103 22/03/2026 22/03/2026 Books